Statistiques concernant Lettre par Lettre - Pays #6

Cliquez ici pour prendre le quiz!

Statistiques générales

  • Ce quiz a été pris 223 fois
  • Le résultat moyen est 35 sur 41

Statistiques - réponses

Pays% Correct
B
99%
I
99%
C
98%
O
96%
Bu
95%
V
93%
Co
92%
Bur
91%
Ou
89%
Va
89%
Is
88%
Oug
87%
Ouga
87%
Burk
86%
Ougan
86%
Burki
85%
Ougand
85%
Ouganda
85%
Van
85%
Burkin
84%
Cor
84%
Burkina
83%
Coré
83%
Vanu
83%
Burkina F
82%
Corée
82%
Vanua
82%
Burkina Fa
81%
Corée d
81%
Corée du
81%
Corée du S
81%
Isr
81%
Isra
81%
Israë
81%
Israël
81%
Vanuat
81%
Vanuatu
81%
Burkina Fas
79%
Burkina Faso
79%
Corée du Su
79%
Corée du Sud
78%

Distribution des résultats

Percentile par nombre de réponses

% des personnes avec chaque résultat

Votre développement - résultats

Vous n’avez pas pris ce quiz